Vplyv kombinácií zmäkčovadiel na vlastnosti zmesí PLA/PHB

Na minha lista:
Detalhes bibliográficos
Autor principal: Hrbíková, Slávka (Author)
Outros Autores: Plavec, Roderik (Thesis advisor)
Formato: Manuscrito Livro
Idioma:eslovaco
Publicado em: 2019
Assuntos:
Acesso em linha:http://is.stuba.sk/zp/portal_zp.pl?podrobnosti=143013
Tags: Adicionar Tag
Sem tags, seja o primeiro a adicionar uma tag!

MARC

LEADER 00000ntm a22000003a 4500
001 stuzp73936
003 SK-STU
005 20190601211009.8
007 ta
008 150427s2015----xo-----f-mn---000-0-slo-d
040 |a STU  |b slo 
041 0 |a slo 
100 1 |a Hrbíková, Slávka  |u 049370  |k Z4  |4 aut  |U FCHPT Ústav prírodných a syntetických polymérov  |T FCHPT Oddelenie plastov, kaučuku a vlákien  |X 76570  |U C9370  |Y 128  |7 76570 
242 0 1 |a The Influence of Plasticizers Combinations on Properties of PLA/PHB Blends  |y eng 
245 1 0 |a Vplyv kombinácií zmäkčovadiel na vlastnosti zmesí PLA/PHB 
260 |c 2019 
650 4 |a kyselina polymliečna  |2 slo 
650 4 |a polyhydroxybutyrát,  |2 slo 
650 4 |a kombinácie zmäkčovadiel  |2 slo 
650 4 |a polylactic acid  |2 eng 
650 4 |a polyhydroxybutyrate  |2 eng 
650 4 |a combinations of plasticizers  |2 eng 
700 1 |a Plavec, Roderik  |u 049370  |k Z2  |4 ths  |U FCHPT Ústav prírodných a syntetických polymérov  |T FCHPT Oddelenie plastov, kaučuku a vlákien  |X 26421  |U C9370  |Y 128  |7 A000026421 
856 4 |u http://is.stuba.sk/zp/portal_zp.pl?podrobnosti=143013